Statystyki dla Zwierzęta na literę D

Kliknij tutaj aby rozwiązać quiz!

Ogólne statystyki

  • Ten quiz został rozwiązany 414 razy
  • Średni wynik to 6 z 11

Statystyki odpowiedzi

Zwierzę% Poprawnych
dzik
75%
dzięcioł
70%
daniel
69%
delfin
67%
dudek
57%
drozd
53%
dorsz
45%
dżdżownica
45%
dziobak
45%
dingo
33%
diabeł tasmański
15%

Rozkład punktacji

Percentyl według liczby udzielonych odpowiedzi

Procent ludzi z każdym wynikiem

Twoja historia wyników

Nie rozwiązałeś tego quizu